000
00233nam a22001097a 4500
041
_a
eng
080
_a
80
100
_a
Neufeldt, V., Guralnik, D. B.
245
_a
Webster`s New World Dictonery
650
_a
Reference
999
_c
278148
_d
278148
942
_c
BK